[Event "Biel Rapid op 58th"]
[Site "Biel"]
[Date "2025.07.13"]
[Round "3"]
[White "Anetov, Amirzhan"]
[Black "Cloete, Willem Francois"]
[Result "1-0"]
[WhiteElo "1993"]
[BlackElo "1567"]
[PlyCount "71"]
[EventDate "2025.07.13"]
[EventType "swiss (rapid)"]
[EventRounds "9"]
[EventCountry "SUI"]
[SourceTitle "CB29_2025"]
[SourceDate "2025.07.16"]
[SourceVersion "1"]
[SourceVersionDate "2025.07.16"]
[SourceQuality "1"]

1. Nf3 Nf6 2. b3 g6 3. Bb2 Bg7 4. e4 Nxe4 5. Bxg7 f6 6. Bxh8 Kf7 7. Bc4+ d5 8. Qe2 c6 9. Qxe4 dxc4 10. Qxc4+ Be6 11. Qf4 Kg8 12. Qe3 Bf7 13. h4 Kxh8 14. h5 g5 15. Nc3 Na6 16. h6 Nb4 17. 0-0-0 a5 18. Nxg5 Bg6 19. Qg3 Qd7 20. Rh4 Rd8 21. Rg4 Qf5 22. Nge4 a4 23. Qc7 Re8 24. Rf4 Qe5 25. Qxe5 fxe5 26. Rh4 a3 27. d3 Kg8 28. Re1 b5 29. Nc5 Rf8 30. Rxb4 Rxf2 31. Rxe5 Rxg2 32. Rxe7 Kf8 33. Rg7 Rh2 34. Ne6+ Ke8 35. Rd4 Rxh6 36. Rd8# 1-0

[Event "Biel Rapid op 58th"]
[Site "Biel"]
[Date "2025.07.13"]
[Round "9"]
[White "Anetov, Amirzhan"]
[Black "Javet, Blaise"]
[Result "1-0"]
[WhiteElo "1993"]
[BlackElo "1957"]
[PlyCount "87"]
[EventDate "2025.07.13"]
[EventType "swiss (rapid)"]
[EventRounds "9"]
[EventCountry "SUI"]
[SourceTitle "CB29_2025"]
[SourceDate "2025.07.16"]
[SourceVersion "1"]
[SourceVersionDate "2025.07.16"]
[SourceQuality "1"]

1. Nf3 Nf6 2. b3 d6 3. Bb2 e5 4. c4 Be7 5. e3 0-0 6. d4 exd4 7. Nxd4 Nc6 8. Nc3 Nxd4 9. Qxd4 c6 10. 0-0-0 Bf5 11. Bd3 Qd7 12. Bxf5 Qxf5 13. f3 Rfd8 14. e4 Qg5+ 15. Qd2 Qxd2+ 16. Rxd2 Ne8 17. Ne2 a5 18. Rhd1 a4 19. Nf4 axb3 20. axb3 Ra2 21. Ne2 Rda8 22. Kb1 R2a6 23. Nd4 Bg5 24. Rd3 Bf6 25. R1d2 h6 26. Nf5 Bxb2 27. Kxb2 Ra2+ 28. Kc3 Rxd2 29. Rxd2 Kf8 30. Nxd6 Nxd6 31. Rxd6 Ke7 32. Rd2 Ra1 33. Kb4 b6 34. g3 Rb1 35. f4 c5+ 36. Ka4 Ke6 37. e5 Ke7 38. Rd3 g5 39. Kb5 gxf4 40. gxf4 Rf1 41. Kxb6 Rxf4 42. Kxc5 Rf5 43. Re3 f6 44. Kd5 1-0

[Event "Biel Rapid op 58th"]
[Site "Biel"]
[Date "2025.07.13"]
[Round "8"]
[White "Erne, Raphael"]
[Black "Anetov, Amirzhan"]
[Result "1/2-1/2"]
[WhiteElo "2164"]
[BlackElo "1993"]
[PlyCount "174"]
[EventDate "2025.07.13"]
[EventType "swiss (rapid)"]
[EventRounds "9"]
[EventCountry "SUI"]
[SourceTitle "CB29_2025"]
[SourceDate "2025.07.16"]
[SourceVersion "1"]
[SourceVersionDate "2025.07.16"]
[SourceQuality "1"]

1. c4 Nf6 2. g3 e6 3. Bg2 d5 4. Nf3 Be7 5. d4 0-0 6. Qc2 c6 7. Nbd2 b6 8. 0-0 a5 9. e4 Na6 10. a3 Bb7 11. cxd5 cxd5 12. e5 Ne4 13. Re1 Rc8 14. Qd1 Nc7 15. h4 f6 16. exf6 Bxf6 17. Nxe4 dxe4 18. Ne5 Nb5 19. Be3 Qd5 20. a4 Nxd4 21. Bxd4 Bxe5 22. Bxe5 Qxe5 23. Qb3 Bd5 24. Qxb6 Rb8 25. Qc5 Rxb2 26. Rxe4 Qf6 27. Rf4 Rxf2 28. Qxf8+ Qxf8 29. Rxf8+ Rxf8 30. Bxd5 exd5 31. Rd1 Rd8 32. Kf2 Kf7 33. Rc1 Ke6 34. Rc5 Ra8 35. Rc7 Rf8+ 36. Ke3 Rf7 37. Rc6+ Ke5 38. Ra6 d4+ 39. Ke2 Ke4 40. Rxa5 d3+ 41. Kd2 Rf2+ 42. Ke1 Rf6 43. Kd2 h6 44. Ra7 Rg6 45. Re7+ Kf5 46. a5 Rxg3 47. a6 Rg2+ 48. Kxd3 g6 49. a7 Ra2 50. Rb7 Kg4 51. Rb4+ Kh5 52. Ke3 Rxa7 53. Kf3 Rd7 54. Kg3 Rd3+ 55. Kg2 Re3 56. Ra4 Rd3 57. Rb4 Rc3 58. Ra4 Rb3 59. Rc4 Rb2+ 60. Kg3 Rb3+ 61. Kg2 Ra3 62. Rb4 g5 63. hxg5 hxg5 64. Rc4 Ra2+ 65. Kg3 Ra1 66. Rb4 Rg1+ 67. Kf2 Rd1 68. Kg3 Rd2 69. Ra4 Rd3+ 70. Kg2 Rd6 71. Kg3 Re6 72. Rb4 Ra6 73. Rc4 Ra1 74. Rb4 Rh1 75. Ra4 Re1 76. Rb4 Re3+ 77. Kg2 Rd3 78. Ra4 g4 79. Ra8 Rd2+ 80. Kg3 Rd3+ 81. Kg2 Kg5 82. Rg8+ Kf4 83. Rf8+ Kg5 84. Rg8+ Kf5 85. Rf8+ Ke4 86. Re8+ Kf4 87. Rf8+ Ke5 1/2-1/2

[Event "Biel Rapid op 58th"]
[Site "Biel"]
[Date "2025.07.13"]
[Round "2"]
[White "Lipecki, Alexander"]
[Black "Anetov, Amirzhan"]
[Result "1-0"]
[WhiteElo "2126"]
[BlackElo "1993"]
[PlyCount "101"]
[EventDate "2025.07.13"]
[EventType "swiss (rapid)"]
[EventRounds "9"]
[EventCountry "SUI"]
[SourceTitle "CB29_2025"]
[SourceDate "2025.07.16"]
[SourceVersion "1"]
[SourceVersionDate "2025.07.16"]
[SourceQuality "1"]

1. d4 Nf6 2. Bf4 d5 3. e3 c5 4. c3 Nc6 5. Nf3 Qb6 6. Qc1 g6 7. Nbd2 Bg7 8. Bd3 cxd4 9. exd4 0-0 10. 0-0 Bf5 11. Bxf5 gxf5 12. Nb3 Rac8 13. Ne5 e6 14. Bh6 Nxe5 15. dxe5 Ne4 16. Qf4 Bxh6 17. Qxh6 Kh8 18. Rae1 Rg8 19. Qe3 Qa6 20. f3 Ng5 21. h4 Qxa2 22. Nd4 Qxb2 23. hxg5 Rxc3 24. Qf2 Qxf2+ 25. Kxf2 Rxg5 26. Rc1 Rd3 27. Rc8+ Kg7 28. Ne2 f4 29. Nxf4 Rd2+ 30. Ke3 Ra2 31. g4 Rxe5+ 32. Kd4 Rg5 33. Nh5+ Kg6 34. Rh1 Ra4+ 35. Kd3 Ra3+ 36. Ke2 Ra2+ 37. Ke3 Re5+ 38. Kf4 f6 39. Rc7 Ra4+ 40. Kg3 Rxh5 41. Rxh5 h6 42. Rxb7 e5 43. Rd7 d4 44. Rd6 Ra3 45. Rf5 a5 46. Rdxf6+ Kg7 47. Kh4 Ra1 48. Rf7+ Kg8 49. Kh5 Rb1 50. Rf8+ Kg7 51. R5f7# 1-0

[Event "Wch U10"]
[Site "Montesilvano"]
[Date "2024.11.25"]
[Round "10"]
[White "Ilko Toth, Andras"]
[Black "Anetov, Amirzhan"]
[Result "1-0"]
[WhiteElo "2115"]
[BlackElo "1767"]
[PlyCount "97"]
[EventDate "2024.11.15"]
[EventType "swiss"]
[EventRounds "11"]
[EventCountry "ITA"]
[SourceTitle "CB48_2024"]
[SourceDate "2024.11.28"]
[SourceVersion "1"]
[SourceVersionDate "2024.11.28"]
[SourceQuality "1"]

1. d4 d5 2. Nf3 Nf6 3. g3 c5 4. Bg2 cxd4 5. 0-0 h6 6. b3 Nbd7 7. Nxd4 e5 8. Nf3 Bc5 9. c4 dxc4 10. bxc4 0-0 11. Nc3 Qc7 12. Bb2 Re8 13. e4 b6 14. Qa4 Bb7 15. Nd5 Qc8 16. Nh4 Bd4 17. Bxd4 exd4 18. Nf5 Nxd5 19. cxd5 Bxd5 20. Qxd4 Re5 21. Qxe5 Nxe5 22. Ne7+ Kf8 23. Nxc8 Bc4 24. Nd6 Bxf1 25. Rxf1 Rd8 26. Nb5 a6 27. Nc3 Rd3 28. Nd5 b5 29. Rc1 g5 30. f4 gxf4 31. gxf4 Nd7 32. Rc7 Rd1+ 33. Kf2 Rd2+ 34. Kg3 Rd3+ 35. Bf3 f5 36. e5 Ke8 37. e6 Rxd5 38. Bxd5 Nf6 39. Bc6+ Kd8 40. Rf7 Ne4+ 41. Bxe4 fxe4 42. Rd7+ Ke8 43. f5 e3 44. f6 e2 45. f7+ Kf8 46. Rd8+ Ke7 47. f8Q+ Kxe6 48. Rd6+ Ke5 49. Qf4# 1-0

[Event "Wch U10"]
[Site "Montesilvano"]
[Date "2024.11.24"]
[Round "9"]
[White "Anetov, Amirzhan"]
[Black "Anand, Tsogtbileg"]
[Result "0-1"]
[WhiteElo "1767"]
[BlackElo "1974"]
[PlyCount "148"]
[EventDate "2024.11.15"]
[EventType "swiss"]
[EventRounds "11"]
[EventCountry "ITA"]
[SourceTitle "CB48_2024"]
[SourceDate "2024.11.28"]
[SourceVersion "1"]
[SourceVersionDate "2024.11.28"]
[SourceQuality "1"]

1. d4 Nf6 2. c4 e6 3. Nc3 d5 4. cxd5 exd5 5. Bg5 Be7 6. e3 c6 7. Bd3 Nbd7 8. Qc2 Nf8 9. Nge2 Bg4 10. f3 Bh5 11. Nf4 Bg6 12. Bxg6 Nxg6 13. Nxg6 hxg6 14. 0-0-0 Qa5 15. h4 0-0-0 16. Rhe1 Ng8 17. e4 Bxg5+ 18. hxg5 dxe4 19. d5 Ne7 20. fxe4 Kb8 21. Qf2 cxd5 22. exd5 Nxd5 23. Qg3+ Qc7 24. Qxc7+ Nxc7 25. Rxd8+ Rxd8 26. Re7 Rf8 27. Ne4 Re8 28. Rxe8+ Nxe8 29. Kd2 Kc7 30. Kd3 Kc6 31. Kd4 Nd6 32. Nf2 f6 33. gxf6 gxf6 34. Nd3 Nf5+ 35. Ke4 Kd6 36. Nf4 Ne7 37. b4 f5+ 38. Kd4 g5 39. Nh3 g4 40. Nf4 b5 41. a3 Nc6+ 42. Kd3 Ne5+ 43. Kd4 Nf7 44. Nh5 Nd8 45. g3 Ne6+ 46. Ke3 Ke5 47. Kd2 Ke4 48. Ke2 Nd4+ 49. Kf2 Nc2 50. Nf6+ Kd4 51. Ne8 Nxa3 52. Nd6 Ke5 53. Nc8 a6 54. Ne7 Nc2 55. Nc6+ Kd6 56. Na5 Nxb4 57. Ke3 Ke5 58. Nb3 Nc6 59. Nc5 a5 60. Nd3+ Kf6 61. Nc5 a4 62. Kf4 a3 63. Nb3 a2 64. Ke3 Ke5 65. Na1 Nb4 66. Kd2 f4 67. Kc3 fxg3 68. Kxb4 g2 69. Kxb5 g1Q 70. Nb3 a1Q 71. Kc4 Qa4+ 72. Kc3 Qe3+ 73. Kb2 Qaxb3+ 74. Ka1 Qc1# 0-1

[Event "Wch U10"]
[Site "Montesilvano"]
[Date "2024.11.22"]
[Round "7"]
[White "Chakhalov, Mikael"]
[Black "Anetov, Amirzhan"]
[Result "0-1"]
[WhiteElo "1962"]
[BlackElo "1767"]
[PlyCount "84"]
[EventDate "2024.11.15"]
[EventType "swiss"]
[EventRounds "11"]
[EventCountry "ITA"]
[SourceTitle "CB48_2024"]
[SourceDate "2024.11.28"]
[SourceVersion "1"]
[SourceVersionDate "2024.11.28"]
[SourceQuality "1"]

1. d4 d5 2. c4 dxc4 3. e3 e5 4. dxe5 Qxd1+ 5. Kxd1 Nc6 6. Bxc4 Nxe5 7. Be2 Bf5 8. Nf3 0-0-0+ 9. Nbd2 Nc6 10. a3 Nf6 11. Ke1 Bd6 12. Nc4 Rhe8 13. b4 Ng4 14. Bb2 Nge5 15. Rd1 Nxc4 16. Bxc4 f6 17. Bb5 Be4 18. Nd4 Nxd4 19. Bxd4 c6 20. Be2 Kb8 21. Bf3 Bxf3 22. gxf3 Be5 23. Bxe5+ fxe5 24. Rg1 Rxd1+ 25. Kxd1 g6 26. Ke2 Re6 27. Kd3 Rf6 28. Ke4 Rf5 29. h4 Kc7 30. Rg5 Rxg5 31. hxg5 Kd6 32. f4 exf4 33. Kxf4 Kd5 34. f3 b6 35. Kg3 Ke5 36. e4 c5 37. bxc5 bxc5 38. Kf2 Kf4 39. Ke2 Kxg5 40. Kd3 h5 41. Kc4 h4 42. e5 h3 0-1

[Event "Wch U10"]
[Site "Montesilvano"]
[Date "2024.11.19"]
[Round "5"]
[White "Filipovs, Sergejs"]
[Black "Anetov, Amirzhan"]
[Result "1/2-1/2"]
[WhiteElo "2012"]
[BlackElo "1767"]
[PlyCount "101"]
[EventDate "2024.11.15"]
[EventType "swiss"]
[EventRounds "11"]
[EventCountry "ITA"]
[SourceTitle "CB48_2024"]
[SourceDate "2024.11.28"]
[SourceVersion "1"]
[SourceVersionDate "2024.11.28"]
[SourceQuality "1"]

1. e4 e5 2. Nf3 Nc6 3. d4 exd4 4. Nxd4 Bc5 5. Nxc6 Qf6 6. Qf3 bxc6 7. Be2 d5 8. exd5 cxd5 9. Bb5+ Kf8 10. Be3 Bxe3 11. Qxe3 c6 12. Qa3+ Qe7+ 13. Be2 Qxa3 14. Nxa3 Bf5 15. 0-0-0 Nf6 16. c4 g6 17. cxd5 cxd5 18. Bd3 Rc8+ 19. Kb1 Bxd3+ 20. Rxd3 Kg7 21. Nb5 a6 22. Nc3 Ne4 23. Nxe4 dxe4 24. Rd6 Rc5 25. Rc1 Rhc8 26. Rxc5 Rxc5 27. b4 Rf5 28. Rd2 Kf6 29. Kb2 Ke6 30. Kc3 Rh5 31. h3 Rg5 32. g3 Rh5 33. Rd4 Ke5 34. h4 Rf5 35. Rd2 Rf3+ 36. Kc4 Ra3 37. b5 axb5+ 38. Kxb5 f5 39. Kb4 Ra8 40. a4 h6 41. a5 g5 42. hxg5 hxg5 43. Kb5 f4 44. gxf4+ gxf4 45. a6 e3 46. fxe3 fxe3 47. Ra2 Ke4 48. Kb6 Kd3 49. Kb7 Rh8 50. a7 e2 51. Rxe2 1/2-1/2

[Event "Asia-ch U08"]
[Site "Al Ain"]
[Date "2023.12.18"]
[Round "6"]
[White "Le, Phan Hoang Quan"]
[Black "Anetov, Amirzhan"]
[Result "1-0"]
[WhiteElo "1552"]
[BlackElo "1511"]
[PlyCount "93"]
[EventDate "2023.12.14"]
[EventType "swiss"]
[EventRounds "9"]
[EventCountry "UAE"]
[SourceTitle "EXT 2025"]
[Source "ChessBase"]
[SourceDate "2024.10.14"]
[SourceVersion "1"]
[SourceVersionDate "2024.10.14"]
[SourceQuality "1"]

1. e4 e5 2. Nf3 Nc6 3. Bb5 f5 4. d3 fxe4 5. dxe4 Nf6 6. 0-0 d6 7. Nc3 Be7 8. Bg5 Bg4 9. Qd3 0-0 10. Nd2 Kh8 11. f3 Be6 12. Bc4 Bd7 13. a3 Nh5 14. Be3 Bg5 15. Nd5 Bxe3+ 16. Qxe3 Nd4 17. Rfc1 c6 18. Nc3 Nf4 19. Bf1 Qg5 20. Kh1 Qg6 21. g3 Nfe6 22. Bg2 c5 23. Ne2 Nxe2 24. Qxe2 Nd4 25. Qe3 b5 26. c3 Nc6 27. a4 a6 28. Qe2 bxa4 29. Nc4 Rad8 30. Nb6 Be8 31. Qxa6 Ra8 32. Qxa8 Qf7 33. Qxa4 Nd4 34. Qc4 Nb3 35. Nd5 Nxc1 36. Rxc1 Bc6 37. Ne3 Qb7 38. b4 cxb4 39. Qxb4 Qc7 40. Rd1 Rd8 41. Nf5 d5 42. exd5 Bxd5 43. Rxd5 Rb8 44. Rb5 Rd8 45. h4 Qd7 46. Rb8 Rg8 47. Qf8 1-0

[Event "Asia-ch U08"]
[Site "Al Ain"]
[Date "2023.12.17"]
[Round "5"]
[White "Anetov, Amirzhan"]
[Black "Aarit, Kapil"]
[Result "1/2-1/2"]
[WhiteElo "1511"]
[BlackElo "1427"]
[PlyCount "167"]
[EventDate "2023.12.14"]
[EventType "swiss"]
[EventRounds "9"]
[EventCountry "UAE"]
[SourceTitle "EXT 2025"]
[Source "ChessBase"]
[SourceDate "2024.10.14"]
[SourceVersion "1"]
[SourceVersionDate "2024.10.14"]
[SourceQuality "1"]

1. e4 c5 2. Nf3 d6 3. d4 cxd4 4. Nxd4 Nf6 5. Nc3 g6 6. f3 a6 7. Be3 Nbd7 8. Qd2 h5 9. Be2 Bg7 10. 0-0 b5 11. a4 b4 12. Nd5 Nxd5 13. exd5 Bb7 14. Qxb4 Bxd5 15. a5 0-0 16. c4 Rb8 17. Qd2 Ba8 18. Rab1 e5 19. Nc2 e4 20. Qxd6 exf3 21. Bxf3 Bxf3 22. gxf3 Be5 23. Qd2 Qc7 24. f4 Bg7 25. Rfc1 Bxb2 26. Rd1 Qxc4 27. Qxd7 Qxc2 28. Qd3 Qc8 29. f5 Qxf5 30. Qxf5 gxf5 31. Rf1 Rb5 32. Kg2 Re8 33. Rf3 Re6 34. Kf2 Rb3 35. Rxf5 Rexe3 36. Rxb2 Rxb2+ 37. Kxe3 Rxh2 38. Rf6 h4 39. Rxa6 h3 40. Rh6 Kg7 41. Rh4 Ra2 42. a6 Rxa6 43. Kf2 Ra3 44. Kg1 f5 45. Kh2 Kf6 46. Rb4 Re3 47. Rb8 Kg5 48. Rg8+ Kf4 49. Rf8 Re7 50. Kxh3 Rg7 51. Ra8 Re7 52. Kg2 Re2+ 53. Kf1 Rc2 54. Ra4+ Kg5 55. Rb4 f4 56. Ra4 Kg4 57. Ra3 Rd2 58. Rb3 Rh2 59. Ra3 Rh1+ 60. Kf2 Rb1 61. Rc3 Ra1 62. Rb3 Ra2+ 63. Kf1 Rd2 64. Ra3 Rh2 65. Rb3 Rh1+ 66. Kf2 Rh8 67. Ra3 Rc8 68. Rb3 Ra8 69. Rc3 Ra2+ 70. Kf1 Kf5 71. Rb3 Rh2 72. Rb5+ Kg4 73. Rb3 Rc2 74. Ra3 Rc1+ 75. Kf2 Rc8 76. Rb3 Rc4 77. Ra3 f3 78. Ra8 Rc2+ 79. Kf1 Rb2 80. Rg8+ Kf5 81. Rf8+ Ke4 82. Re8+ Kf4 83. Rf8+ Ke5 84. Rxf3 1/2-1/2

[Event "Asia-ch U08"]
[Site "Al Ain"]
[Date "2023.12.16"]
[Round "4"]
[White "Shogdzhiev, Roman Sav"]
[Black "Anetov, Amirzhan"]
[Result "0-1"]
[WhiteElo "1901"]
[BlackElo "1511"]
[PlyCount "156"]
[EventDate "2023.12.14"]
[EventType "swiss"]
[EventRounds "9"]
[EventCountry "UAE"]
[SourceTitle "EXT 2025"]
[Source "ChessBase"]
[SourceDate "2024.10.14"]
[SourceVersion "1"]
[SourceVersionDate "2024.10.14"]
[SourceQuality "1"]

1. e4 e5 2. Nf3 Nc6 3. Bc4 Nf6 4. Ng5 d5 5. exd5 Na5 6. Bb5+ c6 7. dxc6 bxc6 8. Be2 h6 9. Nh3 Bc5 10. d3 0-0 11. Nc3 Bxh3 12. gxh3 Nb7 13. 0-0 Nd6 14. Bf3 Nf5 15. Ne4 Nxe4 16. Bxe4 Nh4 17. Bxc6 Rc8 18. Be4 f5 19. Bh1 Rf6 20. Re1 f4 21. d4 Bxd4 22. Kf1 Qd7 23. Qg4 Qb5+ 24. Qe2 Rxc2 25. Bd5+ Kh8 26. Qxb5 Rxf2+ 27. Kg1 Rxb2+ 28. Be3 Bxe3+ 29. Rxe3 Rxb5 30. Rd3 Rd6 31. Rad1 g5 32. a3 Nf5 33. Be4 Rxd3 34. Rxd3 Nd4 35. Rd1 Rb3 36. a4 Re3 37. Bh1 Rc3 38. Kf1 Rxh3 39. Bg2 Rc3 40. Be4 g4 41. Rb1 Rc7 42. a5 Kg7 43. a6 Kf6 44. Rb7 Ne6 45. Kf2 Re7 46. Rb5 h5 47. Bb7 Rc7 48. Bd5 Rc5 49. Rb7 Rxd5 50. Rxa7 Ra5 51. Ra8 Nc7 52. Rf8+ Ke6 53. Rh8 Rxa6 54. Rxh5 Ra2+ 55. Kf1 Nd5 56. Ke1 g3 57. hxg3 fxg3 58. Rg5 g2 59. Rg8 g1Q+ 60. Rxg1 Ra1+ 61. Kf2 Rxg1 62. Kxg1 Kf5 63. Kf2 Kf4 64. Ke2 Ke4 65. Kf2 Kd3 66. Ke1 e4 67. Kd1 e3 68. Ke1 e2 69. Kf2 Kd2 70. Kf3 e1Q 71. Kg4 Qf2 72. Kg5 Ne7 73. Kg4 Ke3 74. Kg5 Qf5+ 75. Kh4 Ng6+ 76. Kg3 Qg5+ 77. Kh2 Nf4 78. Kh1 Qg2# 0-1

[Event "Wch U08"]
[Site "Sharm El Sheikh"]
[Date "2023.10.24"]
[Round "9"]
[White "Anetov, Amirzhan"]
[Black "Melkonyan, Davit"]
[Result "1-0"]
[WhiteElo "1426"]
[BlackElo "1228"]
[PlyCount "99"]
[EventDate "2023.10.16"]
[EventType "swiss"]
[EventRounds "11"]
[EventCountry "EGY"]
[SourceTitle "EXT 2025"]
[Source "ChessBase"]
[SourceDate "2024.10.14"]
[SourceVersion "1"]
[SourceVersionDate "2024.10.14"]
[SourceQuality "1"]

1. e4 e5 2. Nf3 Nc6 3. Bc4 Nf6 4. d3 Bc5 5. c3 d6 6. Nbd2 0-0 7. Bb3 Kh8 8. 0-0 Ng8 9. Nc4 Bg4 10. h3 Bxf3 11. Qxf3 Nge7 12. Be3 b5 13. Nd2 f5 14. Bxc5 dxc5 15. exf5 Rxf5 16. Qe3 Rf8 17. Ne4 a5 18. Nxc5 Nf5 19. Qe4 Qd6 20. Qd5 Qh6 21. Ne6 Nfe7 22. Qxb5 Rfb8 23. Qa4 Ra7 24. Rae1 Qd2 25. Qe4 Qxb2 26. Ng5 g6 27. Nf7+ Kg7 28. Nxe5 Qxc3 29. Nxc6 Nxc6 30. Rc1 Qe5 31. Rxc6 Qxe4 32. dxe4 Re8 33. Re1 a4 34. Bd5 Re7 35. Rb1 a3 36. Rb3 Re8 37. Rcc3 Re7 38. Rxa3 Rxa3 39. Rxa3 Kf6 40. f4 g5 41. Ra6+ Kg7 42. f5 Re5 43. f6+ Kf8 44. Ra8+ Re8 45. e5 h5 46. e6 Rxa8 47. e7+ Ke8 48. Bxa8 Kd7 49. Bc6+ Kxc6 50. e8Q+ 1-0